| 000 | 01002nam a2200193 4500 | ||
|---|---|---|---|
| 001 | 126471 | ||
| 003 | ES-MaACL | ||
| 005 | 20230906192827.0 | ||
| 007 | t| | ||
| 008 | 070214m19081922sp r ||||1| spa d | ||
| 245 | 0 | 0 |
_aRepertorio de jurisprudencia civil española establecida por el Tribunal Supremo / _cpor la redacción de la Revista General de Legislación y Jurisprudencia ; bajo la dirección del Excmo. Sr. D. Eduardo Dato Iradier. |
| 250 | _a2ª ed. corr. y aum. | ||
| 260 |
_aMadrid : _b[s. n.], _c1908-1922 ( _fImp. Revista General de Legislación y Jurisprudencia) |
||
| 505 | 8 | _aContiene: v. I: Jurisprudencia sobre los recursos de casación desde 1º de enero de 1883-88 ---- v. II: 1889-93 --- v. III: 1894-97 ---- v, IV: 1898-1901 ---- v. V: 1902-1905 ---- v. VI: 1910-1913 ---- v. VII: 1914-1917 | |
| 700 | 1 |
_aDato, Eduardo, _d1856-1921 _942789 |
|
| 710 | 2 |
_aRevista General de Legislación y Jurisprudencia. _96446 |
|
| 852 |
_aES-MaACL _jB-9682-88 |
||
| 999 |
_c126471 _d126471 |
||